Welcome to the Holygrace Academy Library

Please use search bar below to get started

MEIN KAMPF (Record no. 5749)

MARC details
000 -LEADER
fixed length control field 00286nam a22001337a 4500
020 ## - INTERNATIONAL STANDARD BOOK NUMBER
ISBN 978-81-88452-39-2
082 ## - DEWEY DECIMAL CLASSIFICATION NUMBER
Classification number 920
Item number HIT/M
100 ## - MAIN ENTRY--AUTHOR NAME
Personal name HITLER,ADOLF
245 ## - TITLE STATEMENT
Title MEIN KAMPF
260 ## - PUBLICATION, DISTRIBUTION, ETC. (IMPRINT)
Place of publication MUMBAI
Name of publisher EMBASSY BOOKS
300 ## - PHYSICAL DESCRIPTION
Number of Pages 654
650 ## - SUBJECT ADDED ENTRY--TOPICAL TERM
Topical Term LIFE OF HITLER
Geographic subdivision MUMBAI
942 ## - ADDED ENTRY ELEMENTS (KOHA)
Koha item type Books
Holdings
Withdrawn status Lost status Collection code Home library Current library Shelving location Date acquired Source of acquisition Full call number Accession Number Koha item type
    Reference Main Library Main Library SHELF-17-I-BIOGRAPHIES & AUTOBIOGRAPHIES 20/04/2015 PURCHASE 920 HIT/M 03924 Books